| 000 | 00716nam a2200241 a 4500 | ||
|---|---|---|---|
| 999 |
_c903 _d903 |
||
| 001 | 8091 | ||
| 003 | BD-DhUAP | ||
| 005 | 20200129093226.0 | ||
| 008 | 200129s1988 enk b 001 0 eng d | ||
| 020 | _a0195625978 | ||
| 040 |
_aDLC _cDLC _dDLC _dBD-DhUAP _bEng |
||
| 082 | 0 | 0 |
_a327 FRA _223 |
| 100 | 1 | _aFrankel, Joseph. | |
| 245 | 1 | 0 |
_aInternational relations in a changing world / _cJoseph Frankel. |
| 250 | _a4th ed. | ||
| 260 |
_aDelhi : _bOxford University Press, _cc1988. |
||
| 300 |
_axi, 243 pages ; _c22 cm. |
||
| 504 | _aIncludes bibliographical references (p. [235]-236) and index. | ||
| 650 | 0 | _aInternational relations. | |
| 942 |
_2ddc _cBK |
||